00261nam a2200109Ia 4500008004100000100001700041245004100058250001200099260002400111300000800135650000800143191201s2010 xx 000 0 und d aKAZMI, Azhar 0aStrategic Management Business Policy a9th Rep c2010bMGHaN. delhi a698 aMBA